Program report for 1992

Sparad:
Bibliografiska uppgifter
Huvudupphovsman: IRRI
Materialtyp: Bok
Språk:Undetermined
Publicerad: Philippines IRRI 1992
Ämnen:
Taggar: Lägg till en tagg
Inga taggar, Lägg till första taggen!
Thư viện lưu trữ: Trung tâm Học liệu Trường Đại học Cần Thơ
LEADER 00515nam a2200181Ia 4500
001 CTU_13184
008 210402s9999 xx 000 0 und d
082 |a 630.72 
082 |b P962/1992 
100 |a IRRI 
245 0 |a Program report for 1992 
245 0 |c IRRI 
260 |a Philippines 
260 |b IRRI 
260 |c 1992 
650 |a agriculture - international cooperation,agriculture - research 
904 |i Nguyễn Quang Điền, 960601 
980 |a Trung tâm Học liệu Trường Đại học Cần Thơ